UBT Library

field labboratory methods for general ecology (Record no. 41326)

000 -LEADER
fixed length control field 00288nam a22001217a 4500
008 - FIXED-LENGTH DATA ELEMENTS--GENERAL INFORMATION
fixed length control field 180131b xxu||||| |||| 00| 0 eng d
041 ## - LANGUAGE CODE
Language code of text/sound track or separate title eng
080 ## - UNIVERSAL DECIMAL CLASSIFICATION NUMBER
Universal Decimal Classification number 574
100 ## - Rafti
Rafti 9
101 ## - Shkurtesa
Shkurtesa mje
245 ## - TITLE STATEMENT
Title field labboratory methods for general ecology
Statement of responsibility, etc brower.z
942 ## - ADDED ENTRY ELEMENTS (KOHA)
Source of classification or shelving scheme
Item type Books
Holdings
Withdrawn status Lost status Source of classification or shelving scheme Damaged status Not for loan Collection code Permanent location Current location Shelving location Date acquired Total Checkouts Full call number Barcode Date last seen Price effective from Koha item type
          Koleksioni i përgjithshem UBT - Lipjan UBT - Lipjan Koleksioni i përgjithshem 01/31/2018   574 bro 002-2996871 01/31/2018 01/31/2018 Books
UBT Library © 2015-2024. All rights reserved University Education for Business and Technology